Anteproyecto arquitectónico de Plaza Comercial en el Municipio de Rivas, Rivas, Nicaragua

Presenta un anteproyecto arquitectónico de tipología comercial ubicado en Rivas, donde se pretende diseñar una plaza comercial que cuente con los ambientes necesarios, donde los usuarios puedan tener acceso a un mejor lugar de recreación, mejores condiciones en compras, actividades de comercial...

Full description

Bibliographic Details
Main Author: Zapata Borge, Hazel Adilia
Other Authors: Tutor: Medrano Aguirre, Pablo José
Format: Tesis Section = Libro
Language:Undetermined
Spanish
Published: Managua UNI 2020
Subjects:
LEADER 01165nam a2200253Ia 4500
008 240830s9999 xx 000 0 und d
040 |a BIBLIOTECA-RUSB/ Mon 725.21 Z35 
041 |a spa 
082 |a Mon 725.21 Z35 
100 1 |a Zapata Borge, Hazel Adilia 
245 1 0 |a Anteproyecto arquitectónico de Plaza Comercial en el Municipio de Rivas, Rivas, Nicaragua 
260 |a Managua  |b UNI  |c 2020 
300 |a 203 p. :il. 
500 |a Contiene: anexos y CD. 
502 |a Tesis (Arquitecto) - UNI, 2020. 
520 3 |a Presenta un anteproyecto arquitectónico de tipología comercial ubicado en Rivas, donde se pretende diseñar una plaza comercial que cuente con los ambientes necesarios, donde los usuarios puedan tener acceso a un mejor lugar de recreación, mejores condiciones en compras, actividades de comercialización, excelente accesibilidad al edificio, paisaje entre otros. 
650 7 |a ARQUITECTURA- PLAZA COMERCIAL 
650 7 |b  EDIFICIOS DE COMERCIO 
650 7 |c  ADMINISTRACION DE PROYECTOS 
650 7 |d  PLANIFICACION- CONSUMIDORES 
700 1 |a Tutor:  |b Medrano Aguirre, Pablo José 
942 |c BK  |2 ddc 
991 |a TESIS 
999 |c 21229